000 01174nam a22001937a 4500
001 1577
005 20250422145128.0
020 _a9781847372697
040 _aFISKH
_beng
_cFISKH
_dFISKH
082 _a921
100 _aSmith, David
245 _aPelé: my life in pictures /
260 _aLondon :
_bSimon & Schuster,
_c2008.
300 _a95 pages :
_c29 x 29 cm
505 _aAbridged from Pelé : The Autobiography
520 _aEven people who don't know football know Pelé. The best of a generation of Brazilian players universally acknowledged as the most accomplished and attractive group of footballers ever to play the game, he won the World Cup three times and is Brazil's all-time record goalscorer. Created by the same packager that brought us THE DYLAN CHRONICLES, THE STAR WARS VAULT, AUREY HEPBURN TREASURES, the world's greatest footballer now gives us the story of his incredible life and careerwith illustrations and removable memorabilia. Told with his characteristic grace and modesty, PELE: MY LIFE IN PICTURESis an essential volume for all sports fans, and anyone who admires true rarity of spirit.
700 _aPelé
_eauthor
942 _2ddc
_cBK
_n0
999 _c1577
_d1577